[Event "4e Ouest Toulousain B"]
[Site "Tournefeuille"]
[Date "2009.02.19"]
[Round "6.2"]
[White "Auger, Pierre"]
[Black "Mouret, Arnaud"]
[Result "1-0"]
[WhiteElo "1630"]
[BlackElo "1560"]
[PlyCount "51"]
[EventDate "2009.??.??"]

1. e4 e5 2. Nf3 Nf6 3. Nc3 Nc6 4. Bb5 d6 5. d4 exd4 6. Nxd4 Bd7 7. O-O Be7 8.
Be3 O-O 9. Bd3 Ne5 10. f4 Nxd3 11. cxd3 Ng4 12. Bd2 c5 13. Nc2 f5 14. Nd5 Nf6
15. Nce3 Nxd5 16. Nxd5 Bc6 17. Qb3 Kh8 18. Rf3 Rb8 19. Rh3 Bd7 20. Bc3 b5 21.
Rg3 Rg8 22. e5 Be6 23. Rh3 dxe5 24. Nxe7 Qxe7 25. Qd1 exf4 26. Rxh7+ 1-0

[Event "4e Ouest Toulousain B"]
[Site "Tournefeuille"]
[Date "2009.02.19"]
[Round "6.3"]
[White "Ruault, Vincent"]
[Black "Charruyer, Baptiste"]
[Result "1/2-1/2"]
[WhiteElo "1460"]
[BlackElo "1600"]
[PlyCount "37"]
[EventDate "2009.??.??"]

1. d4 d5 2. Nf3 c6 3. Bf4 Nf6 4. e3 Bg4 5. h3 Bh5 6. c4 e6 7. Nbd2 Bb4 8. Qb3
Qb6 9. a3 Bxd2+ 10. Nxd2 Nbd7 11. Qxb6 Nxb6 12. c5 Nbd7 13. Bd3 Bg6 14. Bxg6
hxg6 15. O-O Nh5 16. Bh2 O-O 17. b4 b5 18. a4 a6 19. a5 1/2-1/2

[Event "4e Ouest Toulousain A"]
[Site "Tournefeuille"]
[Date "2009.02.19"]
[Round "6.1"]
[White "Fargere, Francois"]
[Black "Fedorchuk, Sergey A"]
[Result "0-1"]
[WhiteElo "2444"]
[BlackElo "2633"]
[PlyCount "58"]
[EventDate "2009.??.??"]

1. e4 e5 2. Nf3 Nc6 3. Bb5 a6 4. Bxc6 dxc6 5. O-O Qf6 6. d4 exd4 7. Bg5 Qd6 8.
Nxd4 Bd7 9. Nc3 Ne7 10. Nb3 Qxd1 11. Raxd1 Ng6 12. Be3 b6 13. f4 f6 14. Rd2 Bb4
15. Nd4 Bxc3 16. bxc3 O-O-O 17. Ne2 Rde8 18. Ng3 c5 19. f5 Ne5 20. Bf4 Nc4 21.
Re2 Re7 22. Rfe1 Bb5 23. Ra1 a5 24. Kf2 g5 25. fxg6 hxg6 26. Kg1 Rh4 27. Bc1
Nd6 28. Re3 Bc6 29. h3 Bxe4 0-1

[Event "4e Ouest Toulousain A"]
[Site "Tournefeuille"]
[Date "2009.02.19"]
[Round "6.2"]
[White "Vilaisarn, Akkhavanh"]
[Black "Sumets, Andrey"]
[Result "0-1"]
[WhiteElo "2253"]
[BlackElo "2546"]
[PlyCount "80"]
[EventDate "2009.??.??"]

1. Nf3 d5 2. g3 Nf6 3. Bg2 g6 4. O-O Bg7 5. d3 O-O 6. Nbd2 c5 7. e4 Nc6 8. Re1
e5 9. exd5 Nxd5 10. a3 h6 11. Rb1 a5 12. Ne4 b6 13. Nc3 Be6 14. Bd2 Nde7 15.
Qc1 Kh7 16. h4 Qd7 17. Ne4 f5 18. Nc3 Rad8 19. Na4 Rb8 20. b3 Bf7 21. Nb2 Qc7
22. a4 Rbd8 23. Nc4 Rfe8 24. Bc3 Nd5 25. Ba1 Ndb4 26. h5 g5 27. Ne3 Be6 28. g4
f4 29. Nf5 Bxf5 30. gxf5 Qf7 31. f6 Bxf6 32. Nh2 Qxh5 33. Bf3 g4 34. Bxg4 Rg8
35. f3 Qh4 36. Kh1 h5 37. Bf5+ Kh8 38. Rg1 Rxg1+ 39. Qxg1 Rg8 40. Qf1 Nxc2 0-1

[Event "4e Ouest Toulousain A"]
[Site "Tournefeuille"]
[Date "2009.02.19"]
[Round "6.3"]
[White "Petrov, Marijan"]
[Black "Drenchev, Petar"]
[Result "1/2-1/2"]
[WhiteElo "2477"]
[BlackElo "2458"]
[PlyCount "22"]
[EventDate "2009.??.??"]

1. d4 d5 2. c4 c6 3. cxd5 cxd5 4. Nf3 Nc6 5. Nc3 Nf6 6. Bf4 Bf5 7. e3 e6 8. Bd3
Bxd3 9. Qxd3 Bd6 10. Bxd6 Qxd6 11. O-O O-O 1/2-1/2

[Event "4e Ouest Toulousain A"]
[Site "Tournefeuille"]
[Date "2009.02.19"]
[Round "6.4"]
[White "Touzane, Olivier"]
[Black "Briscoe, Chris"]
[Result "1-0"]
[WhiteElo "2293"]
[BlackElo "2268"]
[PlyCount "59"]
[EventDate "2009.??.??"]

1. d4 Nf6 2. c4 e6 3. Nc3 Bb4 4. Qc2 O-O 5. a3 Bxc3+ 6. Qxc3 b6 7. Bg5 Bb7 8.
e3 h6 9. Bh4 d5 10. cxd5 g5 11. Bg3 Nxd5 12. Qc2 c5 13. h4 cxd4 14. hxg5 Qxg5
15. Rh3 Rc8 16. Qd1 dxe3 17. Nf3 exf2+ 18. Bxf2 Ne3 19. Nxg5 Nxd1 20. Rxd1 hxg5
21. Bd4 f6 22. Bxf6 g4 23. Rh4 Kf7 24. Bc3 Kg6 25. Rd4 Ba6 26. Rdxg4+ Kf5 27.
Rf4+ Kg6 28. Rhg4+ Kh5 29. Bf6 Rc5 30. Rg8 1-0

[Event "4e Ouest Toulousain A"]
[Site "Tournefeuille"]
[Date "2009.02.19"]
[Round "6.5"]
[White "Cilla, Mario"]
[Black "Sanchez, Nicolas"]
[Result "0-1"]
[WhiteElo "1930"]
[BlackElo "2255"]
[PlyCount "94"]
[EventDate "2009.??.??"]

1. Nf3 Nf6 2. d4 g6 3. Nc3 d5 4. Bf4 Bg7 5. e3 O-O 6. Be2 c5 7. Ne5 cxd4 8.
exd4 Qb6 9. a3 Nc6 10. Nxc6 Qxc6 11. Be5 a6 12. g4 Be6 13. h4 Rac8 14. h5 Ne4
15. Nxe4 dxe4 16. Bxg7 Kxg7 17. c3 e3 18. f3 Qd6 19. Rh3 f5 20. d5 Qxd5 21.
Qxd5 Bxd5 22. f4 fxg4 23. Bxg4 e6 24. Rd1 Rc4 25. hxg6 Rcxf4 26. Be2 hxg6 27.
Rxe3 Kf6 28. Kd2 Rh8 29. Rg3 Rh2 30. Rgg1 Rff2 31. Rxg6+ Ke7 32. Rg7+ Kd6 33.
Re1 Bc4 34. Rxb7 Rxe2+ 35. Rxe2 Rxe2+ 36. Kc1 Kc6 37. Rb8 Bd5 38. Kd1 Rh2 39.
Rb4 a5 40. Rb8 Kc7 41. Rb5 a4 42. Rb4 Bb3+ 43. Kc1 Rc2+ 44. Kb1 Rd2 45. Rd4
Rxd4 46. cxd4 Kc6 47. Kc1 Kd5 0-1

[Event "4e Ouest Toulousain A"]
[Site "Tournefeuille"]
[Date "2009.02.19"]
[Round "6.6"]
[White "Iwanesko, Alexandre"]
[Black "Robin, Samy"]
[Result "1/2-1/2"]
[WhiteElo "2087"]
[BlackElo "2369"]
[PlyCount "31"]
[EventDate "2009.??.??"]

1. c4 Nf6 2. Nc3 g6 3. g3 Bg7 4. Bg2 d6 5. e3 O-O 6. Nge2 e5 7. O-O c6 8. d4
Bg4 9. h3 Bxe2 10. Qxe2 Nbd7 11. dxe5 dxe5 12. b3 Re8 13. Bb2 Qc7 14. Rad1 Rad8
15. Rd2 a5 16. Rfd1 1/2-1/2

[Event "4e Ouest Toulousain A"]
[Site "Tournefeuille"]
[Date "2009.02.19"]
[Round "6.7"]
[White "Peric, Slavisa"]
[Black "Thomas, Fabien"]
[Result "1-0"]
[WhiteElo "2264"]
[BlackElo "1984"]
[PlyCount "63"]
[EventDate "2009.??.??"]

1. d4 d5 2. Bf4 Nf6 3. e3 Bf5 4. c4 c6 5. Nc3 e6 6. Qb3 Qb6 7. c5 Qxb3 8. axb3
Nbd7 9. b4 Be7 10. b5 O-O 11. h3 cxb5 12. Bxb5 a6 13. Be2 h6 14. Nf3 Rfc8 15.
Nd2 b6 16. b4 a5 17. bxa5 bxc5 18. Nb5 c4 19. a6 Bb4 20. f3 Nb8 21. a7 Nc6 22.
e4 dxe4 23. fxe4 Nxe4 24. Bf3 g5 25. Be3 Ng3 26. Rg1 c3 27. Nc4 Bd3 28. Nb6
Bxb5 29. Nxc8 Nf5 30. Kf2 Bd6 31. g4 Nxe3 32. Nxd6 1-0

[Event "4e Ouest Toulousain A"]
[Site "Tournefeuille"]
[Date "2009.02.19"]
[Round "6.8"]
[White "Mohtaji, Javad"]
[Black "Humeau, Cyril"]
[Result "1/2-1/2"]
[WhiteElo "1890"]
[BlackElo "2203"]
[PlyCount "53"]
[EventDate "2009.??.??"]

1. e4 e5 2. Nc3 Nf6 3. f4 d5 4. fxe5 Nxe4 5. Nf3 Nc6 6. Bb5 Bb4 7. O-O O-O 8.
Qe1 Bc5+ 9. Kh1 Bf5 10. d3 Nxc3 11. bxc3 a6 12. Bxc6 bxc6 13. Nh4 Be6 14. d4
Be7 15. Nf5 Bxf5 16. Rxf5 Qd7 17. Rf3 Qe6 18. a4 f6 19. Bf4 fxe5 20. Bxe5 Bd6
21. Re3 Qf5 22. Qe2 Rae8 23. Rf3 Qe6 24. Rxf8+ Rxf8 25. Qxa6 Bxe5 26. dxe5 Qxe5
27. Qd3 1/2-1/2

[Event "4e Ouest Toulousain A"]
[Site "Tournefeuille"]
[Date "2009.02.19"]
[Round "6.12"]
[White "Boukhris-Ferre, Yacine"]
[Black "Epure, Catalin Alexandru"]
[Result "0-1"]
[WhiteElo "1935"]
[BlackElo "2145"]
[PlyCount "48"]
[EventDate "2009.??.??"]

1. e4 c5 2. Nc3 Nc6 3. Bb5 e6 4. Bxc6 bxc6 5. f4 d5 6. d3 Nf6 7. Nf3 Be7 8. O-O
O-O 9. Qe1 Ba6 10. f5 dxe4 11. Nxe4 exf5 12. Ng3 g6 13. Nxf5 gxf5 14. Nh4 Nh5
15. Nxf5 Bg5 16. Bxg5 Qxg5 17. Ne7+ Kh8 18. Rf5 Qg4 19. h3 Qd4+ 20. Kh1 Ng7 21.
c3 Qd6 22. Rg5 Qf6 23. Qg3 Ne6 24. Rf5 Qxe7 0-1

[Event "4e Ouest Toulousain A"]
[Site "Tournefeuille"]
[Date "2009.02.19"]
[Round "6.13"]
[White "Garrel, Alain"]
[Black "Delay, Guillaume"]
[Result "1-0"]
[WhiteElo "2115"]
[BlackElo "1967"]
[PlyCount "39"]
[EventDate "2009.??.??"]

1. d4 Nf6 2. Nf3 e6 3. Bg5 Be7 4. Nbd2 d5 5. e3 Nbd7 6. Bd3 b6 7. O-O Bb7 8.
Ne5 a5 9. f4 Ba6 10. Bxa6 Rxa6 11. Qe2 Ra8 12. Nc6 Qc8 13. e4 dxe4 14. Nxe7
Kxe7 15. Nxe4 h6 16. Bh4 Kf8 17. f5 Nxe4 18. Qxe4 exf5 19. Rxf5 g6 20. Qe7+ 1-0

[Event "4e Ouest Toulousain A"]
[Site "Tournefeuille"]
[Date "2009.02.20"]
[Round "7.1"]
[White "Fedorchuk, Sergey A"]
[Black "Touzane, Olivier"]
[Result "1-0"]
[WhiteElo "2633"]
[BlackElo "2293"]
[PlyCount "55"]
[EventDate "2009.??.??"]

1. e4 c5 2. Nf3 d6 3. d4 cxd4 4. Nxd4 Nf6 5. Nc3 a6 6. Be3 Ng4 7. Bc1 Nf6 8. a4
Nc6 9. g3 Bg4 10. Qd3 Ne5 11. Qe3 Qb6 12. Be2 Bxe2 13. Ndxe2 Qc6 14. Nd4 Qc5
15. Nb3 Qc7 16. Qe2 e6 17. f4 Nc4 18. f5 Be7 19. O-O O-O 20. Kh1 Nd7 21. Nd4
Bf6 22. fxe6 Bxd4 23. Nd5 Qc5 24. exd7 Kh8 25. c3 Be5 26. Qh5 g6 27. Qg4 Nb6
28. Be3 1-0

[Event "4e Ouest Toulousain A"]
[Site "Tournefeuille"]
[Date "2009.02.20"]
[Round "7.2"]
[White "Sumets, Andrey"]
[Black "Petrov, Marijan"]
[Result "1-0"]
[WhiteElo "2546"]
[BlackElo "2477"]
[PlyCount "95"]
[EventDate "2009.??.??"]

1. d4 g6 2. e4 Bg7 3. c4 c5 4. d5 d6 5. Nc3 e6 6. Nf3 exd5 7. cxd5 a6 8. h3 b5
9. Bd3 Nf6 10. O-O O-O 11. Bf4 Re8 12. Re1 b4 13. Na4 Bd7 14. a3 bxa3 15. Rxa3
Ra7 16. Nc3 Bf8 17. Qd2 Rb7 18. Bg5 Bb5 19. Rb3 Nbd7 20. Nxb5 axb5 21. Rxb5 Qb8
22. Rxb7 Qxb7 23. Qc2 Bg7 24. Bf4 Qb8 25. Rb1 Nh5 26. Bd2 Rc8 27. Bf1 Rc7 28.
Be3 Rb7 29. b3 Nhf6 30. Nd2 Ra7 31. b4 Rb7 32. bxc5 Rxb1 33. Qxb1 Qxb1 34. Nxb1
Nxc5 35. Bxc5 dxc5 36. Bd3 Ne8 37. Kf1 Nd6 38. f4 Bh6 39. e5 Nb7 40. g3 g5 41.
f5 f6 42. Ba6 Na5 43. e6 Bf8 44. Nd2 c4 45. Ne4 Kg7 46. d6 c3 47. Bd3 Nc4 48.
e7 1-0

[Event "4e Ouest Toulousain A"]
[Site "Tournefeuille"]
[Date "2009.02.20"]
[Round "7.3"]
[White "Sanchez, Nicolas"]
[Black "Fargere, Francois"]
[Result "0-1"]
[WhiteElo "2255"]
[BlackElo "2444"]
[PlyCount "80"]
[EventDate "2009.??.??"]

1. d4 d5 2. c4 c6 3. Nc3 Nf6 4. Nf3 a6 5. a4 e6 6. Bg5 a5 7. Rc1 Be7 8. e3 Na6
9. Bd3 Nb4 10. Bb1 O-O 11. O-O b6 12. Qe2 Ba6 13. b3 Nd7 14. Bf4 f5 15. Ne5 Bf6
16. Rfd1 Qe7 17. Nxd7 Qxd7 18. Na2 c5 19. Nxb4 axb4 20. dxc5 bxc5 21. h3 e5 22.
Bh2 e4 23. f3 Rae8 24. fxe4 fxe4 25. Qh5 d4 26. Qxc5 d3 27. Qxb4 Bb2 28. Qd2
Bxc1 29. Rxc1 Rf5 30. Ba2 Ref8 31. Bg3 Qf7 32. c5 Rf1+ 33. Rxf1 Qxf1+ 34. Kh2
Qa1 35. b4+ Kh8 36. Bf4 Rxf4 37. exf4 Qd4 38. b5 e3 39. Qd1 Qxf4+ 40. Kh1 e2
0-1

[Event "4e Ouest Toulousain A"]
[Site "Tournefeuille"]
[Date "2009.02.20"]
[Round "7.4"]
[White "Drenchev, Petar"]
[Black "Peric, Slavisa"]
[Result "1-0"]
[WhiteElo "2458"]
[BlackElo "2264"]
[PlyCount "69"]
[EventDate "2009.??.??"]

1. d4 d5 2. c4 c6 3. Nf3 Nf6 4. Nc3 e6 5. e3 a6 6. Bd3 dxc4 7. Bxc4 b5 8. Bd3
c5 9. O-O Bb7 10. e4 cxd4 11. Nxd4 Nbd7 12. Re1 Bc5 13. Nb3 Be7 14. e5 Nd5 15.
Qg4 g5 16. Bd2 h5 17. Qe2 b4 18. Nxd5 Bxd5 19. Rac1 a5 20. Be4 Bxe4 21. Qxe4
O-O 22. Be3 a4 23. Nd4 Nc5 24. Rxc5 Bxc5 25. Nxe6 fxe6 26. Qg6+ Kh8 27. Bxc5
Qd2 28. Qxh5+ Kg8 29. Rd1 Qf4 30. Qg6+ Kh8 31. Bxf8 Rxf8 32. Qh6+ Kg8 33. Qxe6+
Kh8 34. Qh3+ Kg8 35. Qg3 1-0

[Event "4e Ouest Toulousain A"]
[Site "Tournefeuille"]
[Date "2009.02.21"]
[Round "7.5"]
[White "Robin, Samy"]
[Black "Garrel, Alain"]
[Result "1-0"]
[WhiteElo "2369"]
[BlackElo "2115"]
[PlyCount "105"]
[EventDate "2009.??.??"]

1. e4 d5 2. exd5 Qxd5 3. Nc3 Qd6 4. d4 Nf6 5. Nge2 Bg4 6. h3 Bh5 7. g4 Bg6 8.
Bg2 c6 9. Bf4 Qd7 10. d5 cxd5 11. Nxd5 Nxd5 12. Qxd5 Qxd5 13. Bxd5 Nc6 14. c3
e6 15. Bg2 O-O-O 16. O-O a6 17. Be3 e5 18. Ng3 Bd3 19. Rfd1 g6 20. Bb6 Rd7 21.
Ne4 Be7 22. Rd2 f5 23. Nc5 Bxc5 24. Bxc5 e4 25. Rad1 Ne5 26. Bd4 Re8 27. Bxe5
Rxe5 28. Bf1 Red5 29. gxf5 gxf5 30. Bxd3 exd3 31. Kg2 R7d6 32. Kg3 Kd7 33. Kf4
Rh6 34. Rxd3 Rxd3 35. Rxd3+ Ke6 36. b3 Rh4+ 37. Kg3 Re4 38. c4 b6 39. Kf3 Rh4
40. Kg2 Ke5 41. Re3+ Kd6 42. Re8 Rh6 43. Kg3 Rg6+ 44. Kf4 Rg2 45. Re2 Rh2 46.
Kxf5 Rxh3 47. f4 Rg3 48. Rh2 Rg7 49. Kf6 Rg6+ 50. Kf7 Rg4 51. f5 Ke5 52. f6 Rg6
53. Ke7 1-0

[Event "4e Ouest Toulousain A"]
[Site "Tournefeuille"]
[Date "2009.02.21"]
[Round "7.6"]
[White "Briscoe, Chris"]
[Black "Iwanesko, Alexandre"]
[Result "1-0"]
[WhiteElo "2268"]
[BlackElo "2087"]
[PlyCount "141"]
[EventDate "2009.??.??"]

1. d4 Nf6 2. c4 g6 3. Nc3 Bg7 4. e4 d6 5. Nf3 O-O 6. h3 e5 7. d5 a5 8. Bg5 Na6
9. Nd2 h6 10. Be3 Bd7 11. Be2 c6 12. O-O cxd5 13. cxd5 Nc5 14. Bxc5 dxc5 15.
Rc1 Ne8 16. Bb5 Bc8 17. Nc4 Nd6 18. Qe2 h5 19. f3 Bh6 20. Rc2 Nxc4 21. Bxc4 Bf4
22. d6 Qg5 23. Nd5 Bxh3 24. Nxf4 exf4 25. Bd5 Rad8 26. Rxc5 Kh7 27. Rfc1 Rxd6
28. Rxa5 Qd8 29. Rb5 Bc8 30. Qd2 Be6 31. Qxf4 Bxd5 32. Rd1 Qe7 33. Rbxd5 Rb6
34. b3 Ra6 35. R1d2 Kg8 36. Kh2 Rf6 37. Qg3 Rc6 38. Rxh5 Rc1 39. Rhd5 Qf6 40.
e5 Qf5 41. Qh4 Qb1 42. Qd4 Rh1+ 43. Kg3 Qe1+ 44. Qf2 Qa1 45. Qe3 Re1 46. Qd4
Qb1 47. Rd8 Rh1 48. Rd1 Rxd1 49. Qxd1 Qxa2 50. Rxf8+ Kxf8 51. Qd8+ Kg7 52. Qf6+
Kh6 53. Qh8+ Kg5 54. Qf6+ Kh6 55. Qxf7 Qa1 56. Qf4+ Kg7 57. Qe4 Qc1 58. Qxb7+
Kg8 59. Qd5+ Kg7 60. f4 Qe1+ 61. Kh3 Qh1+ 62. Kg4 Kh6 63. e6 Qf1 64. Qe4 Qd1+
65. Kh4 g5+ 66. fxg5+ Kg7 67. e7 Qh1+ 68. Kg3 Qh5 69. Qe5+ Kh7 70. Qf5+ Kg7 71.
Qf6+ 1-0

[Event "4e Ouest Toulousain A"]
[Site "Tournefeuille"]
[Date "2009.02.21"]
[Round "7.7"]
[White "Forgues, Valerie"]
[Black "Vilaisarn, Akkhavanh"]
[Result "0-1"]
[WhiteElo "2011"]
[BlackElo "2253"]
[PlyCount "88"]
[EventDate "2009.??.??"]

1. e4 e6 2. d4 d5 3. Nd2 Nf6 4. e5 Nfd7 5. Bd3 b6 6. c3 Ba6 7. Bc2 c5 8. Ne2
Be7 9. Nf3 Nc6 10. O-O cxd4 11. cxd4 Nf8 12. Re1 Ng6 13. a3 O-O 14. Be3 Na5 15.
b3 Rc8 16. Qd2 Bb5 17. Rec1 Rxc2 18. Qxc2 Bxe2 19. Qxe2 Nxb3 20. Qa6 Nxa1 21.
Rxa1 Qd7 22. Rc1 Nh4 23. Nxh4 Bxh4 24. Bd2 Be7 25. Bb4 g6 26. Bxe7 Qxe7 27. g3
f6 28. Rc8 fxe5 29. dxe5 Qd7 30. Rxf8+ Kxf8 31. Qd3 Ke8 32. Qc3 d4 33. Qd3 Qd5
34. f4 b5 35. Kf2 Kd7 36. Ke2 Kc6 37. Kd2 Qg2+ 38. Kd1 Kc5 39. Qb3 Qf1+ 40. Kd2
Qf2+ 41. Kd1 Qg1+ 42. Kd2 Qxh2+ 43. Ke1 Qg1+ 44. Ke2 Qe3+ 0-1

[Event "4e Ouest Toulousain A"]
[Site "Tournefeuille"]
[Date "2009.02.21"]
[Round "7.8"]
[White "Roques, Olivier"]
[Black "Forgues, Fabien"]
[Result "0-1"]
[WhiteElo "1838"]
[BlackElo "2155"]
[PlyCount "64"]
[EventDate "2009.??.??"]

1. Nf3 Nf6 2. g3 b6 3. Bg2 Bb7 4. d4 e6 5. O-O Be7 6. c4 O-O 7. b3 d6 8. Bb2
Nbd7 9. Nbd2 Ne4 10. Re1 f5 11. Rc1 Rc8 12. Qc2 Qe8 13. Nf1 Qf7 14. Ne3 Ba8 15.
Rcd1 d5 16. Qb1 Bb7 17. Rc1 Kh8 18. Red1 f4 19. gxf4 Qxf4 20. Rf1 Rf6 21. cxd5
exd5 22. Bh3 Rh6 23. Bxd7 Nd2 24. Ng4 Nxb1 25. Nxh6 Rd8 26. Rxb1 Rxd7 27. Ne5
gxh6 28. e3 Qf5 29. Nxd7 Qxd7 30. f3 Bh4 31. e4 dxe4 32. d5+ Kg8 0-1

[Event "4e Ouest Toulousain A"]
[Site "Tournefeuille"]
[Date "2009.02.21"]
[Round "7.9"]
[White "Epure, Catalin Alexandru"]
[Black "Cilla, Mario"]
[Result "1/2-1/2"]
[WhiteElo "2145"]
[BlackElo "1930"]
[PlyCount "65"]
[EventDate "2009.??.??"]

1. e4 d5 2. exd5 Qxd5 3. Nc3 Qd6 4. d4 Nf6 5. Bc4 a6 6. Nge2 b5 7. Bf4 Qb6 8.
Bb3 e6 9. Qd3 c5 10. dxc5 Bxc5 11. O-O-O Bb7 12. Bxb8 Rxb8 13. f3 O-O 14. Ng3
Bc6 15. Nce4 Nxe4 16. Nxe4 Bxe4 17. Qxe4 a5 18. c3 Be3+ 19. Kb1 a4 20. Bc2 f5
21. Qe5 Rfd8 22. a3 Bg5 23. Rhe1 Rxd1+ 24. Rxd1 Bf6 25. Qd6 Qxd6 26. Rxd6 Kf7
27. Bd3 Rb7 28. Ra6 Bd8 29. Kc2 Ke7 30. c4 b4 31. axb4 Rxb4 32. Ra7+ Kd6 33.
Ra6+ 1/2-1/2

[Event "4e Ouest Toulousain A"]
[Site "Tournefeuille"]
[Date "2009.02.21"]
[Round "7.10"]
[White "Humeau, Cyril"]
[Black "Cwiek, Perrine"]
[Result "1-0"]
[WhiteElo "2203"]
[BlackElo "1753"]
[PlyCount "111"]
[EventDate "2009.??.??"]

1. e4 e5 2. d4 exd4 3. Qxd4 Nc6 4. Qe3 Nf6 5. Nc3 Be7 6. Bd2 O-O 7. O-O-O d6 8.
Qg3 Re8 9. f3 Bf8 10. h4 Ne5 11. h5 Qe7 12. h6 Ng6 13. Bg5 c6 14. hxg7 Bxg7 15.
Qxd6 Qxd6 16. Rxd6 Nd7 17. Nh3 Nde5 18. Nf4 Nxf4 19. Bxf4 Be6 20. Be2 Ng6 21.
Bg3 Bxc3 22. bxc3 Bxa2 23. c4 b5 24. Rxc6 Bxc4 25. Bxc4 bxc4 26. Rxc4 Re7 27.
Rh5 Rb7 28. Rhc5 Kg7 29. Ra4 Ne7 30. Rg5+ Ng6 31. Rga5 Ne7 32. Ra6 Nc8 33. R4a5
Rb6 34. Rxb6 Nxb6 35. Bf2 Nc8 36. Bd4+ Kf8 37. Kd2 Kg8 38. Bc5 Kg7 39. g4 a6
40. f4 Kf6 41. Bd4+ Ke6 42. Rh5 Nd6 43. Kd3 Rd8 44. Rh6+ Kd7 45. Rxh7 Ke8 46.
e5 Nb5 47. Rh8+ Kd7 48. Rxd8+ Kxd8 49. Bb6+ Kd7 50. c4 Nc7 51. Bxc7 Kxc7 52. g5
Kd7 53. f5 a5 54. g6 fxg6 55. fxg6 Ke7 56. c5 1-0

[Event "4e Ouest Toulousain B"]
[Site "Tournefeuille"]
[Date "2009.02.20"]
[Round "7.3"]
[White "Gelas, Alexandre"]
[Black "Charruyer, Baptiste"]
[Result "0-1"]
[WhiteElo "1520"]
[BlackElo "1600"]
[PlyCount "64"]
[EventDate "2009.??.??"]

1. d4 d5 2. Nf3 Nf6 3. Bf4 c6 4. h3 e6 5. a3 Bd6 6. Bg5 h6 7. Bd2 Nbd7 8. Nc3
e5 9. e3 O-O 10. Nh2 Qc7 11. Ng4 exd4 12. exd4 Re8+ 13. Ne2 Bf4 14. c3 Nxg4 15.
hxg4 Nf6 16. Bxf4 Qxf4 17. f3 Qe3 18. Qd2 Bd7 19. Qxe3 Rxe3 20. O-O-O Rae8 21.
Ng3 Nxg4 22. fxg4 Rxg3 23. Rh3 Rge3 24. Kd2 R3e4 25. Bd3 Rxg4 26. Rh2 Rf4 27.
Re1 Rf2+ 28. Re2 Rexe2+ 29. Bxe2 Bg4 30. Ke1 Rxe2+ 31. Kf1 Rxb2 32. Rh4 h5 0-1

[Event "4e Ouest Toulousain B"]
[Site "Tournefeuille"]
[Date "2009.02.20"]
[Round "7.6"]
[White "Richard, Michel"]
[Black "Dahbi, Ahmed"]
[Result "0-1"]
[WhiteElo "1590"]
[BlackElo "1580"]
[PlyCount "30"]
[EventDate "2009.??.??"]

1. d4 d5 2. c4 e6 3. Nc3 Nf6 4. Bg5 c6 5. Nf3 Nbd7 6. e3 Bb4 7. a3 Bxc3+ 8.
bxc3 dxc4 9. Bxc4 Qa5 10. Qb3 O-O 11. Ne5 Nxe5 12. Bxf6 Nxc4 13. Bxg7 Kxg7 14.
Qxc4 Qd5 15. Kd2 Qxc4 0-1

[Event "4e Ouest Toulousain B"]
[Site "Tournefeuille"]
[Date "2009.02.21"]
[Round "8.1"]
[White "Garcia Del Prado, Bruno"]
[Black "Sauvan, Didier"]
[Result "1-0"]
[WhiteElo "1680"]
[BlackElo "1440"]
[PlyCount "79"]
[EventDate "2009.??.??"]

1. e4 e6 2. d4 d5 3. Nc3 Nf6 4. Bg5 Be7 5. e5 Nfd7 6. Bxe7 Qxe7 7. Nf3 c5 8.
Nb5 O-O 9. Nc7 c4 10. c3 Nb6 11. Nxa8 Nxa8 12. Qd2 Nc6 13. Be2 f6 14. h4 Nc7
15. exf6 Qxf6 16. Qg5 Ne8 17. Qxf6 Nxf6 18. g3 Ng4 19. Nd2 e5 20. Bxg4 Bxg4 21.
f3 Bxf3 22. Rf1 Bg2 23. Rxf8+ Kxf8 24. dxe5 Nxe5 25. Kf2 Bh3 26. Ke3 Ke7 27. b3
b5 28. bxc4 dxc4 29. Kd4 Nd3 30. Ne4 Nb2 31. Nc5 a6 32. Rb1 Na4 33. Nxa4 bxa4
34. a3 Bd7 35. Kxc4 Bb5+ 36. Kd4 Kd6 37. c4 Bc6 38. Rb6 Kc7 39. Rxa6 h6 40.
Ra7+ 1-0

[Event "4e Ouest Toulousain B"]
[Site "Tournefeuille"]
[Date "2009.02.21"]
[Round "8.4"]
[White "Mouret, Arnaud"]
[Black "Ruault, Vincent"]
[Result "1-0"]
[WhiteElo "1560"]
[BlackElo "1460"]
[PlyCount "39"]
[EventDate "2009.??.??"]

1. e4 Nf6 2. e5 Nd5 3. c4 Nb6 4. Nc3 d6 5. Nf3 Nc6 6. exd6 cxd6 7. d4 Bg4 8.
Be3 g6 9. h3 Bxf3 10. Qxf3 Bg7 11. O-O-O Qc8 12. c5 dxc5 13. Bb5 cxd4 14. Bxd4
Bxd4 15. Rxd4 O-O 16. Rh4 Qf5 17. Qe3 f6 18. Rg4 Nd5 19. Nxd5 Qxd5 20. Bc4 1-0

[Event "4e Ouest Toulousain A"]
[Site "Tournefeuille"]
[Date "2009.02.21"]
[Round "8.1"]
[White "Sumets, Andrey"]
[Black "Fedorchuk, Sergey A"]
[Result "1/2-1/2"]
[WhiteElo "2546"]
[BlackElo "2633"]
[PlyCount "33"]
[EventDate "2009.??.??"]

1. d4 d5 2. c4 c6 3. cxd5 cxd5 4. Nf3 Nf6 5. Nc3 Nc6 6. Bf4 Bf5 7. e3 e6 8. Bd3
Bxd3 9. Qxd3 Bd6 10. Bxd6 Qxd6 11. O-O O-O 12. a3 a6 13. Rfc1 Rfc8 14. Rc2 Rc7
15. Rac1 Rac8 16. h3 h6 17. Na4 1/2-1/2

[Event "4e Ouest Toulousain A"]
[Site "Tournefeuille"]
[Date "2009.02.21"]
[Round "8.2"]
[White "Forgues, Fabien"]
[Black "Drenchev, Petar"]
[Result "1/2-1/2"]
[WhiteElo "2155"]
[BlackElo "2458"]
[PlyCount "81"]
[EventDate "2009.??.??"]

1. e4 g6 2. d4 Bg7 3. Nf3 d6 4. Be2 Nf6 5. Nc3 O-O 6. O-O b6 7. Re1 Bb7 8. Bf1
e6 9. b3 Nbd7 10. a4 a6 11. Qd2 h6 12. Ba3 Re8 13. Rad1 d5 14. Bd3 dxe4 15.
Nxe4 Nxe4 16. Bxe4 Bxe4 17. Rxe4 Nf6 18. Ree1 Qd5 19. Qc1 Rad8 20. Qb1 Qb7 21.
c3 Nd5 22. Qc2 Ne7 23. Rd2 Nf5 24. Red1 h5 25. Re1 Rc8 26. c4 Red8 27. Red1 Bh6
28. Rd3 Qe4 29. Qc3 Bg7 30. Qd2 Rd7 31. Re1 Qb7 32. Rd1 Rcd8 33. Bb2 Nxd4 34.
Nxd4 c5 35. Qe3 cxd4 36. Bxd4 e5 37. Bc3 e4 38. Rxd7 Rxd7 39. Rd2 Rxd2 40. Qxd2
Bxc3 41. Qxc3 1/2-1/2